Coastal and marine environmental site guide (Record no. 102783)

MARC details
000 -LEADER
fixed length control field 01467cam a2200337 4500
008 - FIXED-LENGTH DATA ELEMENTS--GENERAL INFORMATION
fixed length control field #DATE n2003 000 0 eng u
020 ## - INTERNATIONAL STANDARD BOOK NUMBER
International Standard Book Number 0860175847
035 ## - SYSTEM CONTROL NUMBER
System control number (Sirsi) u122137
041 ## - LANGUAGE CODE
Language code of text/sound track or separate title eng
050 ## - LIBRARY OF CONGRESS CALL NUMBER
Classification number 614.7
-- 18
100 ## - MAIN ENTRY--PERSONAL NAME
Personal name Budd, Martin
245 ## - TITLE STATEMENT
Title Coastal and marine environmental site guide
260 ## - PUBLICATION, DISTRIBUTION, ETC.
Place of publication, distribution, etc. London
Name of publisher, distributor, etc. CIRIA
Date of publication, distribution, etc. 2003
300 ## - PHYSICAL DESCRIPTION
Extent 164p.
Other physical details ill.
Dimensions 22cm.
350 ## - PRICE (NR) (BK AM CF MU VM SE) [OBSOLETE]
Price 20
490 ## - SERIES STATEMENT
Series statement Ciria Publication
Volume/sequential designation C584
520 ## - SUMMARY, ETC.
Summary, etc. This guide offers practical information on appreciating, avoiding and mitigating the effects of poor environmental practice on coastal and marine construction projects. Chapter one introduces the benefits of good environmental practice. Chapter two details good (and bad) site management. Chapter three describes those environmental features that require particular consideration when operating within the marine and coastal environment. Finally, chapter four examines the 17 most common construction processes utilised in the coastal and marine environment.
650 ## - SUBJECT ADDED ENTRY--TOPICAL TERM
Topical term or geographic name entry element CONSTRUCTION SITES
650 ## - SUBJECT ADDED ENTRY--TOPICAL TERM
Topical term or geographic name entry element ENVIRONMENTAL MANAGEMENT
650 ## - SUBJECT ADDED ENTRY--TOPICAL TERM
Topical term or geographic name entry element MARINE ENVIRONMENT
650 ## - SUBJECT ADDED ENTRY--TOPICAL TERM
Topical term or geographic name entry element Contamination
9 (RLIN) 6231
650 ## - SUBJECT ADDED ENTRY--TOPICAL TERM
Topical term or geographic name entry element POLLUTION
650 ## - SUBJECT ADDED ENTRY--TOPICAL TERM
Topical term or geographic name entry element SITE MANAGEMENT
650 ## - SUBJECT ADDED ENTRY--TOPICAL TERM
Topical term or geographic name entry element WASTE CONTROL
690 ## - LOCAL SUBJECT ADDED ENTRY--TOPICAL TERM (OCLC, RLIN)
Topical term or geographic name as entry element BUILT ENVIRONMENT
700 ## - ADDED ENTRY--PERSONAL NAME
Personal name John, Sian
700 ## - ADDED ENTRY--PERSONAL NAME
Personal name Simm, Jonathan
700 ## - ADDED ENTRY--PERSONAL NAME
Personal name Wilkinson, Mark
710 ## - ADDED ENTRY--CORPORATE NAME
Corporate name or jurisdiction name as entry element Construction Industry Research and Information Association
9 (RLIN) 4810
942 ## - ADDED ENTRY ELEMENTS (KOHA)
Suppress in OPAC 0
Holdings
Withdrawn status Lost status Source of classification or shelving scheme Damaged status Not for loan Home library Current library Shelving location Date acquired Total Checkouts Full call number Barcode Date last seen Date last checked out Copy number Price effective from Koha item type
    Dewey Decimal Classification     London London Books 30/04/2003 1 614.7 BUD 30068548 06/08/2019 15/05/2003 1 06/08/2019 Book